000 00731nam a2200205Ii 4500
003 JO-AjNU
008 230605s9999||||xx |||||||||||||| ||und||
040 _aJO-AjNU
_bara
_erda
_cJO-AjNU
041 _aara
050 1 4 _aDS117.S3582 1992
100 3 _aتالبف سمارة، سميح,
_eauthor
_920530
245 0 0 _aديموقراطية الاراضي المقدسة: بحث في الاستقلال والبنية ونظرية الحل الوسط
250 _aط1
264 3 1 _aعمان: دار الشروق، 1992
300 _a108ص
336 _atext
_btxt
_2rdacontent
337 _aunmediated
_bn
_2rdamedia
338 _avolume
_bnc
_2rdacarrier
650 4 _aالارض المقدسة-فلسطين-تاريخ
_920531
999 _aA6974
_c10542
_d10542